000 00682 a2200193 4500
999 _c183356
_d183356
005 20211223145419.0
010 _aENG-130546
020 _a978-0-19-012080-1
_c1495.00
035 _aEN-114078
037 _bDBAD/PUB
082 _a297.77083520954
_b1
100 _aSanyal, Usha
245 _aScholars Of Faith:
_bSouth Asian Muslim Women and the Embodiment of Religion Knowledge/
_cUsha Sanyal
250 _a2020
260 _aNew Delhi
_bOxford University Press
_c2020
270 _a22 Workspace, 2nd Floor, 1/22 Asaf Ali Road
_bNew Delhi
_e110002
300 _a386 p.
_c22cm (hbk)
_bGlossary, Bibliography, Index
942 _adpl
_cEN
_2ddc
_h297.77083520954
_mSAN